000 00410nam a2200169Ia 4500
005 20240823042909.0
008 240823s9999||||xx |||||||||||||| ||und||
041 _aENGLISH
082 _A621 P9
100 _aJayakumar V
245 0 _aBasic Mechanical Engineering
250 _a1st
260 _c2009
_bLakshmi Puplications Ch
500 _aTRANSFERED
650 _aMechanical
_bMechanical
942 _cBK
999 _c208939
_d208939